[Event "World Team-ch Open 2019"]
[Site "Astana"]
[Date "2019.03.11"]
[Round "6.13"]
[White "Grandelius, Nils"]
[Black "Swiercz, Dariusz"]
[Result "1/2-1/2"]
[WhiteElo "2694"]
[BlackElo "2655"]
[Annotator "TA"]
[PlyCount "64"]
[EventDate "2019.02.05"]
[EventType "team-tourn"]
[EventCountry "KAZ"]
[SourceTitle "playchess.com"]
[Source "ChessBase"]
[SourceQuality "1"]
[WhiteTeam "Sweden"]
[BlackTeam "United States"]
[WhiteTeamCountry "SWE"]
[BlackTeamCountry "USA"]

{[%evp 9,64,9,13,10,20,0,2,0,0,0,0,0,0,0,0,0,0,0,0,-10,0,0,0,0,0,0,0,0,22,0,0,0,4,7,14,17,15,0,0,0,0,0,0,0,0,0,0,0,0,0,0,0,0,0,0,0,0]} 1. e4 c5 2. Nf3 d6 3. Bb5+ Nd7 4. Ba4 (4. O-O a6 5. Bxd7+ Bxd7 6. d4 cxd4 7. Qxd4 e5 8. Qd3 h6 9. a4 Nf6 10. a5 Be7 11. c4 b5 12. axb6 Qxb6 13. Nc3 O-O 14. Be3 Qb7 15. h3 Rfc8 16. Nd2 Be6 17. Rfb1 a5 18. b3 Ra6 19. Ra2 Bd7 20. Rba1 {½-½ (20) Wang,H (2730)-Nepomniachtchi,I (2763) St Petersburg 2018}) 4... Ngf6 5. O-O e6 {The position is equal.} 6. Re1 {B51: Sicilian: Moscow Variation (3 Bb5+) without 3...Bd7} a6 {[#] ...b5 is the strong threat.} 7. c4 Be7 8. Nc3 O-O 9. d3 $146 ({Predecessor:} 9. d4 cxd4 10. Nxd4 Qc7 11. Qe2 b6 12. Nc6 Nc5 13. Nxe7+ Qxe7 {1-0 (29) Bergstrom,P (2270)-Degerhammar,T Lindesberg 1993}) 9... Ne5 10. Nxe5 dxe5 11. Be3 Qc7 12. a3 Rd8 13. h3 Bd7 14. Qc2 h6 15. Rab1 Rac8 16. Rec1 Nh5 17. g3 Bxa4 18. Nxa4 f5 19. exf5 exf5 20. Qe2 $1 {[%cal Re2h5]} Nf6 21. b4 b6 22. bxc5 bxc5 23. Nb6 Rb8 24. Nd5 $1 {[%cal Rd5c7]} Nxd5 25. Rxb8 Qxb8 26. cxd5 Qb3 27. Bxc5 Bg5 28. Be3 f4 29. gxf4 exf4 30. Bxf4 {[#] And now Qe6+ would win.} Qxd5 31. Rc4 Bxf4 32. Rxf4 Qxd3 {Accuracy: White = 80%, Black = 75%.} 1/2-1/2

[Event "World Team-ch Open 2019"]
[Site "Astana"]
[Date "2019.03.11"]
[Round "6.14"]
[White "Onischuk, Alexander"]
[Black "Blomqvist, Erik"]
[Result "1-0"]
[WhiteElo "2647"]
[BlackElo "2488"]
[Annotator "TA"]
[PlyCount "83"]
[EventDate "2019.02.05"]
[EventType "team-tourn"]
[EventCountry "KAZ"]
[SourceTitle "playchess.com"]
[Source "ChessBase"]
[SourceQuality "1"]
[WhiteTeam "United States"]
[BlackTeam "Sweden"]
[WhiteTeamCountry "USA"]
[BlackTeamCountry "SWE"]

{[%evp 16,83,28,28,33,29,27,26,27,22,12,21,21,16,20,19,10,0,32,47,40,49,42,47,45,21,68,58,74,77,78,0,0,0,0,0,0,0,0,0,0,0,0,0,0,0,12,0,0,0,13,13,18,12,13,13,17,14,110,121,212,219,202,196,215,216,742,783,747,739]} 1. d4 Nf6 2. c4 e6 3. Nf3 Bb4+ 4. Bd2 Bxd2+ 5. Qxd2 d5 6. g3 Nbd7 7. Bg2 c6 8. O-O O-O 9. Rc1 b6 {E11: Bogo-Indian} 10. cxd5 cxd5 11. Nc3 {[%cal Bb1c3,Bc3b5,Bb5d6][%mdl 32]} Bb7 {White has an edge.} 12. Nb5 a6 13. Nd6 Qb8 {[#]} 14. Qb4 $146 a5 15. Qa3 Ba6 16. Rc6 b5 17. Rac1 b4 18. Qe3 {Hoping for Ng5.} Bb5 $1 {[%cal Rb5c6]} 19. Nxb5 Qxb5 20. Ne5 Nxe5 21. dxe5 Nd7 22. f4 Rab8 23. Qd3 (23. b3 $16) 23... Qxd3 $11 24. exd3 b3 $1 {[%cal Rb3a2]} 25. Ra1 bxa2 26. Rxa2 Rb5 27. Bf1 Rfb8 28. d4 Rxb2 29. Rxa5 g6 30. Rc7 R2b7 31. Ra7 Rxc7 32. Rxc7 {[%mdl 4096] Endgame KRB-KRN} Nf8 33. Kf2 h5 34. Ke3 Kg7 35. Bd3 Rb2 36. Bc2 Nd7 {[#]} (36... Ra2 $11) 37. Ba4 $1 $16 {[%cal Ra4d7]} Nb6 (37... Nf8 $16 {keeps fighting.}) 38. Be8 $18 Nc4+ {[#]} 39. Kd3 $1 Rxh2 40. Bxf7 Rg2 $2 (40... Nb2+ 41. Kc3 Nd1+ 42. Kb4 Rb2+ 43. Ka3 Kf8 44. Bxe6 Rd2 45. Rf7+ (45. Bxd5 Rxd4 46. Bb3 Ne3 $18) 45... Ke8) 41. Bxe6+ Kf8 42. Bxd5 {Accuracy: White = 74%, Black = 59%.} 1-0

[Event "World Team-ch Open 2019"]
[Site "Astana"]
[Date "2019.03.11"]
[Round "6.15"]
[White "Smith, Axel"]
[Black "Lenderman, Aleksandr"]
[Result "0-1"]
[WhiteElo "2487"]
[BlackElo "2637"]
[Annotator "TA"]
[PlyCount "92"]
[EventDate "2019.02.05"]
[EventType "team-tourn"]
[EventCountry "KAZ"]
[SourceTitle "playchess.com"]
[Source "ChessBase"]
[SourceQuality "1"]
[WhiteTeam "Sweden"]
[BlackTeam "United States"]
[WhiteTeamCountry "SWE"]
[BlackTeamCountry "USA"]

{[%evp 12,92,41,0,15,7,15,12,12,0,0,0,19,10,12,0,-9,0,-4,-3,0,0,8,0,0,-10,-12,-22,-35,-102,-81,-127,-127,-123,-118,-134,-105,-171,-144,-161,-146,-138,-141,-279,-292,-310,-306,-296,-268,-252,-239,-238,-235,-306,-262,-260,-254,-315,-315,-304,-264,-300,-294,-309,-255,-420,-422,-575,-568,-554,-537,-544,-498,-988,-1038,-5297,-5293,-29974,-29975,-29975,-29976,-5783,-5736]} 1. d4 e6 2. c4 Nf6 3. Nc3 d5 4. cxd5 Nxd5 5. e4 Nxc3 6. bxc3 c5 7. a3 g6 {D35: Queen's Gambit Declined: Exchange Variation} 8. Nf3 Bg7 9. Bb5+ Bd7 {The position is equal.} 10. Be2 $146 ({Predecessor:} 10. Bd3 Nc6 11. Be3 Qa5 12. Qd2 O-O 13. e5 f6 14. exf6 Bxf6 15. Bc4 {½-½ (40) Dreev,A (2649)-Fedoseev,V (2661) Moscow 2014}) 10... Bc6 11. Qd3 cxd4 12. cxd4 Nd7 13. Bg5 (13. Rb1 {seems wilder.} Nb6 14. O-O O-O 15. Re1 f5 16. exf5 exf5 17. Bg5) 13... Bf6 14. Bxf6 Nxf6 15. Nd2 O-O 16. O-O Qe7 17. f3 Rfd8 18. Nb3 b6 19. Qc4 Qd7 20. a4 {[#]} ({Better is} 20. Rfd1 $15) 20... a5 $1 $17 21. d5 exd5 22. Qd4 Nh5 {[%cal Bf6h5,Bh5g7,Bg7f5,Bf5d4][%mdl 32]} 23. e5 {[#]} Ng7 $1 24. Qxb6 (24. Rfc1 $17 {might work better.}) 24... Rdb8 $36 {[%mdl 2048] Black is in control.} 25. Qe3 Nf5 26. Qd3 Bxa4 27. Nc5 (27. Nd4 $17) 27... Qa7 $19 28. Rxa4 {Rc1 is the strong threat.} Qxc5+ 29. Kh1 Rb4 30. Qa3 Nd4 31. Bd3 Ne6 32. h3 Rxa4 33. Qxa4 Qc3 34. Rd1 Qxe5 35. Bf1 Qd6 36. Rd2 Qc5 37. Rd1 Ng7 38. g4 $2 (38. Qb5 Qxb5 39. Bxb5) 38... Ne6 39. Qa2 Nf4 40. Qd2 Qd6 41. Bc4 a4 {[%cal Ba5a4,Ba4a3,Ba3a2][%mdl 32]} 42. Qh2 (42. Bxd5 $142 Nxd5 43. Qxd5 Qxd5 44. Rxd5) 42... a3 43. Rd4 Qe5 44. Qxf4 Qxf4 45. Rxf4 dxc4 46. Rxc4 a2 {Accuracy: White = 30%, Black = 86%.} 0-1

[Event "World Team-ch Open 2019"]
[Site "Astana"]
[Date "2019.03.11"]
[Round "6.16"]
[White "Izoria, Zviad"]
[Black "Johansson, Linus"]
[Result "1-0"]
[WhiteElo "2603"]
[BlackElo "2479"]
[Annotator "TA"]
[PlyCount "47"]
[EventDate "2019.02.05"]
[EventType "team-tourn"]
[EventCountry "KAZ"]
[SourceTitle "playchess.com"]
[Source "ChessBase"]
[SourceQuality "1"]
[WhiteTeam "United States"]
[BlackTeam "Sweden"]
[WhiteTeamCountry "USA"]
[BlackTeamCountry "SWE"]

{[%evp 20,47,46,39,38,37,43,22,30,34,36,31,39,38,34,31,487,457,581,574,560,556,575,569,591,572,663,652,689,640]} 1. d4 Nf6 2. c4 e6 3. Nf3 c5 4. e3 d5 5. cxd5 exd5 6. Bb5+ Bd7 7. Bxd7+ Nbxd7 8. dxc5 Nxc5 9. O-O Be7 10. Nc3 O-O 11. b3 Qd7 {D30: Queen's Gambit Declined: Systems without Nc3} (11... Nce4 12. Ne2 Qa5 13. Bb2 Ba3 14. Bxa3 Qxa3 15. Qc1 Qa6 16. Qb2 Rac8 17. Nfd4 Rc7 18. Rac1 Rfc8 19. a4 {1-0 (60) Aronian,L (2780)-Caruana,F (2805) Stavanger 2015}) 12. Bb2 Rfd8 13. Qe2 a6 {The position is equal.} 14. Rac1 $146 ({Predecessor:} 14. Nd4 Rac8 15. Rfd1 h6 16. Qf3 Nce4 17. Na4 Rc7 18. Rac1 Rxc1 19. Rxc1 Rc8 20. Rd1 {½-½ (20) Eliet,N (2380)-Fiebig,T (2429) Belgium 2018}) 14... Rac8 15. Rc2 Nce4 16. Rfc1 Nxc3 17. Bxc3 Rc6 $2 {[%mdl 8192]} (17... Ba3 $14) 18. Ne5 $1 $18 {[%csl LRc6,LRd7][%mdl 64] [#] Double Attack. White is clearly winning.} Qe8 19. Nxc6 bxc6 20. Bxf6 Bxf6 21. Qxa6 h5 22. Qxc6 Qe4 23. Qb7 h4 24. h3 {Accuracy: White = 87%, Black = 20%.} 1-0

[Event "World Team-ch Open 2019"]
[Site "Astana"]
[Date "2019.03.11"]
[Round "6.17"]
[White "Amin, Bassem"]
[Black "Ding, Liren"]
[Result "1/2-1/2"]
[WhiteElo "2709"]
[BlackElo "2812"]
[Annotator "TA"]
[PlyCount "128"]
[EventDate "2019.02.05"]
[EventType "team-tourn"]
[EventCountry "KAZ"]
[SourceTitle "playchess.com"]
[Source "ChessBase"]
[SourceQuality "1"]
[WhiteTeam "Egypt"]
[BlackTeam "China"]
[WhiteTeamCountry "EGY"]
[BlackTeamCountry "CHN"]

{[%evp 24,128,21,6,5,5,21,2,8,28,18,0,4,0,29,0,0,-8,0,0,0,0,0,0,0,-9,0,0,0,0,0,0,0,-6,-4,-14,0,-15,-12,-27,-24,-29,-29,-28,-31,-51,-38,-42,-44,-75,-75,-75,-85,-75,-75,-141,-75,-98,-102,-233,-102,-161,-142,-147,-135,-104,-75,-75,-75,-75,-75,-75,0,0,0,-74,0,0,0,0,0,0,0,0,0,0,0,0,0,0,0,0,0,0,0,0,0,0,0,0,0,0,0,0,0,0,0]} 1. e4 e5 2. Nf3 Nc6 3. Bb5 {[%cal Bf1b5,Bb5a4,Ba4b3][%mdl 32]} a6 4. Ba4 Nf6 5. O-O Be7 6. Re1 b5 7. Bb3 O-O 8. a4 b4 9. a5 d6 10. d3 Be6 11. Bxe6 {C88: Closed Ruy Lopez: Anti-Marshall Systems} fxe6 12. Nbd2 Rb8 13. c3 {LiveBook: 13 Games} Rb5 14. d4 bxc3 15. bxc3 exd4 16. cxd4 Nb4 {[#]} 17. d5 $146 ({Predecessor:} 17. Nf1 c5 18. dxc5 dxc5 {½-½ (37) Grischuk,A (2761)-Ding,L (2759) China 2017}) 17... Ng4 ({Of course not} 17... exd5 18. Nd4 $16) 18. Rf1 {And now Nd4 would win.} c5 19. dxc6 Nxc6 20. Nb3 Bf6 21. Ra4 Qd7 22. Ba3 Nge5 23. Nxe5 Nxe5 24. Nd4 Rb7 25. Rb4 Rxb4 26. Bxb4 Rc8 27. Nf3 Nxf3+ 28. Qxf3 Rc4 29. Bd2 $1 d5 30. exd5 Qxd5 31. Qb3 Rd4 $36 {[%mdl 2048] Black is pushing.} 32. Qb8+ Qd8 33. Qxd8+ Bxd8 $11 {[%mdl 4096] Endgame KRB-KRB} 34. Bc3 Rd3 35. Bb4 Rb3 36. Bd2 Ra3 37. g3 Bxa5 38. Bxa5 Rxa5 $17 {KR-KR} 39. Rc1 (39. h4 $142) 39... Kf7 (39... Ra2 $142 40. Rc7 Kf8) 40. Rc7+ Kf6 41. Ra7 (41. Kg2 $17) 41... h5 (41... Ra1+ $19 42. Kg2 a5) 42. h4 (42. Ra8 $17 {might work better.}) 42... Ra2 43. Kg2 a5 {[%cal Ba6a5,Ba5a4,Ba4a3][%mdl 32]} 44. Kf3 a4 45. Ra5 g6 46. Ke3 a3 47. Kf3 {[#]} Ra1 (47... Ke7 $1 $17 48. Ra6 Kd7) 48. Kf4 $11 Ra2 (48... a2 $11 49. Ra6 Kf7) 49. Kf3 $1 $17 {[#]} Ra1 ({Black should try} 49... Ke7 $1 $17) 50. Kf4 $11 {[#]The position is equal.} e5+ $1 {[%mdl 512]} 51. Ke4 (51. Rxe5 Ra2) 51... Re1+ 52. Kf3 Ra1 53. Ke4 a2 {Strongly threatening ...Re1+.} 54. Ra6+ Ke7 55. Kf3 Kd7 56. Kg2 Kc7 {Threatens to win with ...e4.} 57. Ra8 Kb6 58. Ra3 Kc5 {Hoping for ...Kb4.} 59. Ra8 Kd4 60. Ra7 e4 61. Ra8 e3 62. fxe3+ $1 Kxe3 {aiming for ...Kd3.} 63. Re8+ Kd3 64. Rd8+ Ke3 {Precision: White = 67%, Black = 59%.} 1/2-1/2

[Event "World Team-ch Open 2019"]
[Site "Astana"]
[Date "2019.03.11"]
[Round "6.18"]
[White "Wei, Yi"]
[Black "Adly, Ahmed"]
[Result "0-1"]
[WhiteElo "2733"]
[BlackElo "2611"]
[Annotator "TA"]
[PlyCount "96"]
[EventDate "2019.02.05"]
[EventType "team-tourn"]
[EventCountry "KAZ"]
[SourceTitle "playchess.com"]
[Source "ChessBase"]
[SourceQuality "1"]
[WhiteTeam "China"]
[BlackTeam "Egypt"]
[WhiteTeamCountry "CHN"]
[BlackTeamCountry "EGY"]

{[%evp 24,96,89,73,95,90,54,45,95,104,115,121,237,226,220,224,237,212,193,138,150,45,35,41,14,-54,-40,-35,-28,-54,-59,-99,-105,-210,-199,-198,-197,-195,-150,-245,-224,-347,-341,-368,-221,-513,-472,-489,-494,-626,-618,-593,-551,-551,-472,-462,-459,-450,-442,-443,-452,-508,-526,-483,-471,-958,-954,-869,-840,-804,-725,-742,-664,-725,-663]} 1. e4 c5 2. Nf3 d6 3. d4 cxd4 4. Nxd4 Nf6 5. Nc3 Nc6 6. Bg5 Bd7 7. Qd2 Rc8 8. f4 Nxd4 9. Qxd4 Qa5 10. e5 dxe5 11. fxe5 e6 12. O-O-O Bc6 13. Nb5 $1 Bxb5 {B61: Sicilian: Richter-Rauzer: 6...Bd7 7 Qd2} 14. exf6 Bc6 15. h4 $1 Bc5 {White is slightly better.} 16. Qe5 g6 17. h5 Bb6 (17... gxh5 $16 18. Rxh5 Bb6 19. Qxa5 (19. Qd6 Bc5 $11) 19... Bxa5) 18. Qxa5 $18 Bxa5 19. hxg6 fxg6 {[#]} 20. Bc4 $146 ({Predecessor:} 20. Bd3 O-O 21. Bc4 Rce8 22. Rd6 Bxg2 23. Rh2 Bd5 24. Rd7 Bxc4 25. Rg7+ Kh8 26. Rhxh7# {1-0 (26) Navara,D (2732)-Kraus,T (2427) Czech Republic 2018}) 20... Kf7 21. Rh6 ({White should play} 21. Rd6 $18 Rce8 22. Rhd1) 21... Be8 $16 22. Bb3 (22. Bd3 $16) 22... Rc5 $1 $14 {[%cal Rc5g5]} 23. Be3 Re5 $1 {[%cal Re5e3]} 24. Bd4 ({Better is} 24. Bxa7 $11 Bc6 25. c3) 24... Re4 $1 $15 25. Bxa7 Bc7 {Hoping for ...Bf4+.} 26. Rh3 Bc6 {[%mdl 1024] Black has compensation.} 27. Bc5 h5 28. Rhd3 (28. g3 $17 {might work better.}) 28... Bf4+ $1 $19 29. Kb1 {[#]} h4 $1 30. Be7 Be5 31. a3 {[#]} (31. R3d2 $17) 31... g5 $1 32. Bb4 (32. R3d2 $142 g4 33. c3) 32... g4 33. Rf1 Bb8 34. Bc3 $2 (34. Rg1) 34... h3 {Black is clearly winning.} 35. gxh3 gxh3 36. Rg1 {Intending Rg7+ and mate.} Be5 37. Rh1 h2 38. Rd2 {With the idea Bxe5.} Bxc3 39. Rdxh2 Rxh2 40. Rxh2 Re1+ 41. Ka2 Bxf6 42. c3 Ke7 43. Bc4 Rh1 44. Rxh1 (44. Rf2 $142) 44... Bxh1 45. Kb1 Be4+ 46. Kc1 Bg5+ 47. Kd1 Kd6 48. a4 Bd5 {Accuracy: White = 33%, Black = 85%.} 0-1

[Event "World Team-ch Open 2019"]
[Site "Astana"]
[Date "2019.03.11"]
[Round "6.19"]
[White "Fawzy, Adham"]
[Black "Bu, Xiangzhi"]
[Result "1/2-1/2"]
[WhiteElo "2461"]
[BlackElo "2731"]
[Annotator "TA"]
[PlyCount "75"]
[EventDate "2019.02.05"]
[EventType "team-tourn"]
[EventCountry "KAZ"]
[SourceTitle "playchess.com"]
[Source "ChessBase"]
[SourceQuality "1"]
[WhiteTeam "Egypt"]
[BlackTeam "China"]
[WhiteTeamCountry "EGY"]
[BlackTeamCountry "CHN"]

{[%evp 11,75,22,27,20,25,30,47,41,52,18,34,21,37,0,81,79,79,65,74,0,0,0,0,-1,0,-6,-8,-5,-3,-3,0,-2,0,0,0,0,0,0,0,0,0,-3,-4,-12,-13,-14,-18,-24,0,-7,0,0,0,0,0,0,0,0,0,0,0,0,0,0,0,0]} 1. e4 c5 2. Nf3 d6 3. d4 cxd4 4. Nxd4 Nf6 5. Nc3 a6 6. Bg5 Nbd7 7. Qe2 {B94: Sicilian Najdorf: 6 Bg5 Nbd7} Qa5 (7... h6 8. Bh4 g6 9. f4 Qc7 10. O-O-O Bg7 11. g4 e5 12. fxe5 Nxe5 13. h3 Be6 14. Qf2 Nfd7 {½-½ (26) Carlsen,M (2842)-Svidler,P (2753) Biel 2018}) 8. Bd2 Qc7 9. g4 {White is slightly better.} h6 10. h3 $146 ({Predecessor:} 10. f4 Nb6 11. f5 e5 12. fxe6 fxe6 13. O-O-O Bd7 14. h4 h5 15. gxh5 {1-0 (31) Yeletsky,I (2350)-Aivazian,G (2297) Voronezh 2016}) 10... b5 11. Bg2 {aiming for e5.} Bb7 12. a4 bxa4 {[#]} (12... b4 $11 {keeps the balance.} 13. Nd5 {[%mdl 64] Double Attack} Qc5) 13. Nd5 $1 $16 {[%cal Rd5c7]} Nxd5 14. exd5 Nb6 15. Nc6 ({White should play} 15. Ba5 $16) 15... Bxc6 16. dxc6 {Threatens to win with c4.} d5 17. Ba5 Qxc6 18. Bxb6 Qxb6 19. O-O e6 20. c4 Bb4 21. cxd5 Rd8 22. dxe6 fxe6 23. Rac1 O-O 24. Rc6 {[%mdl 64] [#] Double Attack} Qd4 25. Rxa6 Bc5 26. Kh1 e5 27. Bc6 a3 28. bxa3 Qc3 29. Bg2 $1 Rd2 30. Qe1 {The position is equal.} Bxf2 31. Qe4 {And now Ra8 would win.} Rd3 32. Rxh6 $1 gxh6 33. Qg6+ {[%mdl 64] Double Attack} Kh8 34. Qxh6+ {[%mdl 64] Double Attack} Kg8 {White must now prevent ...Rf6!} 35. Qg6+ Kh8 36. Qh5+ Kg8 {Strongly threatening ...e4.} 37. Qg5+ Kh8 38. Qh6+ {Accuracy: White = 64%, Black = 78%.} 1/2-1/2

[Event "World Team-ch Open 2019"]
[Site "Astana"]
[Date "2019.03.11"]
[Round "6.20"]
[White "Ni, Hua"]
[Black "Abdelnabbi, Imed"]
[Result "1-0"]
[WhiteElo "2683"]
[BlackElo "2435"]
[Annotator "TA"]
[PlyCount "138"]
[EventDate "2019.02.05"]
[EventType "team-tourn"]
[EventCountry "KAZ"]
[SourceTitle "playchess.com"]
[Source "ChessBase"]
[SourceQuality "1"]
[WhiteTeam "China"]
[BlackTeam "Egypt"]
[WhiteTeamCountry "CHN"]
[BlackTeamCountry "EGY"]

{[%evp 17,138,29,39,29,48,43,52,51,47,63,72,59,72,42,90,84,107,97,109,115,106,108,104,97,109,100,106,101,106,95,103,91,94,96,102,85,150,101,108,104,151,141,146,150,151,151,151,151,138,151,372,338,338,379,336,315,326,325,244,18,18,18,18,18,18,18,27,18,18,18,18,18,18,18,18,0,0,0,0,0,99,89,100,6,112,112,112,112,112,112,112,112,112,112,112,112,112,112,112,112,112,112,120,112,120,120,120,120,132,120,120,0,134,14,14,18,684,660,29991,29992,29992,29993,29993]} 1. e4 e5 2. Nf3 Nc6 3. Bb5 a6 4. Ba4 Nf6 5. O-O Be7 6. d3 d6 7. c3 O-O 8. Re1 b5 9. Bc2 Re8 10. a4 {C84: Closed Ruy Lopez: Unusual White 6th moves} (10. Nbd2 Bf8 11. Nf1 h6 12. Ng3 d5 13. exd5 Nxd5 14. Bd2 Nf6 15. b4 a5 16. a3 axb4 17. axb4 Rxa1 18. Qxa1 {1-0 (36) Kryvoruchko,Y (2697)-Brunello,S (2548) Porto Carras 2018}) 10... Bb7 11. Nbd2 {[%cal Bb1d2,Bd2b3,Bb3a5][%mdl 32]} Bf8 12. b4 {White is slightly better.} Ne7 $146 ({Predecessor:} 12... g6 13. Nb3 Rb8 14. Bg5 h6 15. Bd2 {1-0 (34) Popovic,D (2555)-Lukacs,P (2423) Hungary 2008}) 13. Nb3 Rb8 14. d4 exd4 15. cxd4 Ng6 {[%cal Rf6e4]} 16. Na5 d5 17. e5 Bxb4 18. Nxb7 ({Much worse is} 18. exf6 $6 Rxe1+ 19. Nxe1 Bxa5 $11) 18... Rxb7 19. exf6 {Rxe8+ is the strong threat.} Bxe1 20. Nxe1 {aiming for fxg7.} Qxf6 21. Be3 Ne7 22. Nf3 {[%mdl 1024] White has strong compensation.} Nf5 23. Bg5 Qe6 24. Bf4 g6 25. h4 Nd6 26. Ne5 Ne4 (26... Nc4 $142) 27. Qf3 f6 28. Nd3 c6 29. a5 b4 {[#]} 30. Nc5 $1 {[%cal Rc5e6]} Nxc5 31. dxc5 b3 32. Bxb3 Qe4 {Threatens to win with ...Qxf3.} 33. Ba4 Qd4 $2 (33... Qxf3 $16 {was necessary.} 34. gxf3 Rc8) 34. Bxc6 $18 Qxa1+ 35. Kh2 Rbe7 36. Qxd5+ Kh8 37. Bxe8 Rxe8 {[%mdl 4096] Endgame [#] KQR-KQB} 38. c6 $2 ({White has to play} 38. Qf7 $1 $18 {[%cal Rf7e8]} Ra8 39. c6) 38... Qa4 $11 39. Qd6 Qxa5 40. Qxf6+ Kg8 {Strongly threatening ...Qd8.} 41. c7 Qf5 42. Qd4 {Black should prevent Qc4+.} Kf7 43. Bg5 Rc8 $1 44. Qd6 {And now Qe7+ would win.} Qe6 45. Qc5 Ke8 46. Bf4 Kd7 47. f3 h5 48. Bg3 Qc6 (48... Re8 $11) 49. Qd4+ $16 Ke6 50. Qd8 ({Better is} 50. Qg7 $16 Qe8 51. Bf4) 50... Qe8 (50... Qd7 $1 $11 {remains equal.} 51. Qg5 Kf7) 51. Qd6+ Kf7 52. Qxa6 Qe6 53. Qd3 Qe7 54. Qd2 Qe6 55. Qd8 Qe8 56. Qg5 Qe6 57. Be5 Ke8 58. Kg3 Kd7 59. Qd2+ Kc6 60. Qc2+ Kb7 61. Qe4+ Qc6 {Black wants to play ...Qxe4.} 62. Qb4+ Ka6 63. Qa3+ Kb7 64. Qb4+ Ka6 $1 65. Kf4 (65. Qb8 $16 Qe6 66. Bf4) 65... Qc1+ $1 $11 66. Ke4 {Black must now prevent Kd5.} ({But not} 66. Kg3 $6 Rxc7 67. Qa4+ Kb6 $16) 66... Qc2+ $2 {[%mdl 8192]} (66... Qc6+ $11 67. Kf4 Qc1+ 68. Kg3 Rxc7) 67. Kd5 $18 Qf5 {and the idea ...Qf7+ leaves Black hopeful.} 68. Qa4+ Kb6 69. Qb3+ Ka5 {Accuracy: White = 67%, Black = 57%.} 1-0

[Event "World Team-ch Open 2019"]
[Site "Astana"]
[Date "2019.03.12"]
[Round "7.1"]
[White "Swiercz, Dariusz"]
[Black "Nepomniachtchi, Ian"]
[Result "1/2-1/2"]
[WhiteElo "2655"]
[BlackElo "2771"]
[Annotator "TA"]
[PlyCount "68"]
[EventDate "2019.02.05"]
[EventType "team-tourn"]
[EventCountry "KAZ"]
[SourceTitle "playchess.com"]
[Source "ChessBase"]
[SourceQuality "1"]
[WhiteTeam "United States"]
[BlackTeam "Russia"]
[WhiteTeamCountry "USA"]
[BlackTeamCountry "RUS"]

{[%evp 9,68,8,17,18,17,12,14,15,10,8,30,15,30,0,3,0,35,25,30,31,25,23,25,25,29,9,33,17,27,23,26,26,37,30,41,6,21,5,12,0,2,0,28,20,16,23,27,29,22,21,16,16,22,13,26,19,31,0,0,6,10]} 1. d4 Nf6 2. c4 g6 3. Nc3 d5 4. Nf3 Bg7 5. h4 c6 6. cxd5 {D90: Grünfeld: 4 Nf3 Bg7 sidelines} cxd5 7. Bf4 O-O 8. e3 Nc6 9. Qb3 Na5 10. Qa3 Nc6 (10... Nc4 11. Bxc4 dxc4 12. O-O Bd7 {½-½ (74) Fedoseev,V (2724)-Carlsen,M (2835) Wijk aan Zee 2019}) 11. Qb3 $146 Na5 12. Qa3 Nc6 13. Bb5 Bd7 14. O-O a6 15. Be2 b5 {[#] ...b4 is the strong threat.} 16. Qb3 Na5 17. Qd1 Bg4 18. Ne5 Bxe2 19. Qxe2 e6 20. Nd3 Qe7 21. Rac1 Rfc8 22. Bg5 Qf8 23. Nc5 Nc4 24. Rc2 Qe8 25. Rfc1 Nd7 26. Nd3 Ndb6 27. Bf4 h6 28. Nb1 {[%cal Bc3b1,Bb1d2,Bd2f3][%mdl 32]} Bf8 29. b3 Nd6 30. Nd2 Rxc2 31. Rxc2 Rc8 32. Qd1 Qd8 33. Bxd6 Bxd6 34. Nf3 Rc7 {Accuracy: White = 65%, Black = 55%.} 1/2-1/2